Catálogo
 En Linea

Gruta de sal / (Registro nro. 50667)

Detalles MARC
000 -CABECERA
campo de control de longitud fija 00678nam a22002297a 4500
003 - IDENTIFICADOR DEL NÚMERO DE CONTROL
campo de control DO-SdBNP
005 - FECHA Y HORA DE LA ÚLTIMA TRANSACCIÓN
campo de control 20210927151212.0
007 - CAMPO FIJO DE DESCRIPCIÓN FÍSICA--INFORMACIÓN GENERAL
campo de control de longitud fija ta
008 - DATOS DE LONGITUD FIJA--INFORMACIÓN GENERAL
campo de control de longitud fija 210927b 2017 pr 00| 0 eng d
020 ## - NÚMERO INTERNACIONAL ESTÁNDAR DEL LIBRO
Número Internacional Estándar del Libro 9789945581928
040 ## - FUENTE DE LA CATALOGACIÓN
Centro catalogador/agencia de origen DO-SdBNP
Lengua de catalogación spa
Centro/agencia transcriptor BNPHU
082 #4 - NÚMERO DE LA CLASIFICACIÓN DECIMAL DEWEY
Número de clasificación BNPHU
Número de documento/Ítem M149g
100 1# - ENTRADA PRINCIPAL--NOMBRE DE PERSONA
Nombre de persona Machado Mariscal Gante, María Teresa de
9 (RLIN) 80054
245 10 - MENCIÓN DE TÍTULO
Título Gruta de sal /
Mención de responsabilidad, etc. María Teresa Machado Mariscal de Gante
260 ## - PUBLICACIÓN, DISTRIBUCIÓN, ETC.
Lugar de publicación, distribución, etc. Puerto Rico :
Nombre del editor, distribuidor, etc. Isla Negra,
Fecha de publicación, distribución, etc. 2017.
300 ## - DESCRIPCIÓN FÍSICA
Extensión 64 p. ;
Dimensiones 22 cm.
490 ## - MENCIÓN DE SERIE
Mención de serie Josemilio González
500 ## - NOTA GENERAL
Nota general Incluye datos biográficos del autor en las solapas
830 #0 - PUNTO DE ACCESO ADICIONAL DE SERIE-TÍTULO UNIFORME
Número de parte o sección de la obra Josemilio González
9 (RLIN) 6541
910 ## - DATOS DE OPCIÓN DEL USUARIO (OCLC)
Datos de opción del usuario Btavárez
942 ## - ELEMENTOS DE PUNTO DE ACCESO ADICIONAL (KOHA)
Fuente del sistema de clasificación o colocación Dewey Decimal Classification
Tipo de ítem Koha Libro
Existencias
Estado de retiro Estado de pérdida Fuente del sistema de clasificación o colocación No para préstamo Código de colección Localización permanente Ubicación/localización actual Ubicación en estantería Fecha de adquisición Fuente de adquisición Total de préstamos Signatura topográfica completa Código de barras Fecha visto por última vez Precio válido a partir de Tipo de ítem Koha Número de copia
    Dewey Decimal Classification Préstamo en sala Monografías: Libros y Folletos Biblioteca Nacional Pedro Henríquez Ureña Dominicana En catalogación 27.09.2021 Depósito Legal   BNPHU DS M149g 2021-27064 27.09.2021 27.09.2021 Libro e.3
    Dewey Decimal Classification Excluido de préstamo Monografías: Libros y Folletos Biblioteca Nacional Pedro Henríquez Ureña Patrimonio Dominicano Depósito 27.09.2021 Depósito Legal   BNPHU PD M149g 2021-27062 27.09.2021 27.09.2021 Libro  
    Dewey Decimal Classification Excluido de préstamo Monografías: Libros y Folletos Biblioteca Nacional Pedro Henríquez Ureña Patrimonio Dominicano Depósito 27.09.2021 Depósito Legal   BNPHU M149g 2021-27063 27.09.2021 27.09.2021 Libro e.2

Con tecnología Koha